Statistics for The Loud House Sister's Quiz

Click here to take the quiz!

General Stats

  • This quiz has been taken 691 times
  • The average score is 9 of 10

Answer Stats

SistersAnswer% Correct
Which sister got crushed on Bobby?Lori
97%
Which sister loves tiaras and tea partys?Lola
96%
Which sister wear diapers?Lily
95%
Which sister is young but smart?Lisa
93%
Which sister likes darkness?Lucy
92%
Which sister was a cool rockstar?Luna
92%
Which sister is loves fashion but scared of spiders?Leni
91%
Which sister puts pranks?Luan
91%
Which sister is the older twin?Lana
90%
Which sister loves sports?Lynn
88%

Score Distribution

Percentile by Number Answered

Percent of People with Each Score

Your Score History

You have not taken this quiz